LEADER 01002nam a2200217 i 4500 001 000000031614 003 CaOOAMICUS 005 20180830125449.0 008 180830s1899 it u000 u ita u 040 $aSeMil$bita 100 1 $aSchmid, Johann Evarist.$0(OLS)http://semarc/name/14570 245 10$aCatechismo storico ossia Spiegazione completa del catechismo per via di esempi veri ed autentici /$cG. Ew. Schmid ; prima versione italiana dalla francese dell'ab. P. Bélet pel sac. G. Bobbio. 250 $a2. ed. 260 $aParma :$bFiaccadori,$c1899-1900. 300 $a3 v. ;$c22 cm. 650 4$aChiesa cattolica - Catechismo - Storia - Studi.$0(OLS)http://semarc/subject/5081 774 0 $tVol. 1.$g1$w()240074 774 0 $tVol. 3.$g3$w()240075 774 0 $tVol. 2.$g2$w()240076 996 $6245$aCatechismo storico ossia Spiegazione completa del catechismo per via di esempi veri ed autentici$9(OLS)http://semarc/title/42921 996 $6260$aParma :$bFiaccadori$9(OLS)http://semarc/publisher/38952 LEADER 00896nam a2200229 i 4500 001 000000182805 003 CaOOAMICUS 005 20091030000000.0 008 091030s1976 it u000 u ita u 013 $a160766 040 $aSeMil$bita 100 1 $aProaño, Leonidas.$0(OLS)http://semarc/name/67329 245 10$aCoscientizzazione, evangelizzazione, politica /$cLeonidas E. Proaño. 260 $aRoma :$bASAL,$ccopyr. 1976. 300 $a189 p. ;$c19 cm. 490 0 $aQuaderni Asal ;$v26. 650 4$aEvangelizzazione.$0(OLS)http://semarc/subject/670 830 0$aQuaderni Asal ;$v26.$0(OLS)http://semarc/title/11326 850 $aSeMil 852 $aSeMil$W1$xVenegono$y1$m3E I 221$j133509$B133509$CSeMilBibl$Z2$F145271 $81 996 $6245$aCoscientizzazione, evangelizzazione, politica$9(OLS)http://semarc/title/262314 996 $6260$aRoma :$bASAL$9(OLS)http://semarc/publisher/35262